[Event "Mechanics' Summer TNM; G/2 d/5"]
[Site "San Francisco"]
[Date "2018.06.12"]
[Round "3.41"]
[White "Cunningham, Charles"]
[Black "De La Garza, Eduardo"]
[Result "1/2-1/2"]
[WhiteElo "1403"]
[BlackElo "1683"]
[PlyCount "29"]
[EventDate "2018.??.??"]
[Source "ChessBase"]
[SourceDate "2007.09.04"]

1. e4 e5 2. Nf3 Nc6 3. Bb5 a6 4. Bxc6 dxc6 5. Nc3 Bg4 6. h3 Bxf3 7. Qxf3 Bc5 8.
d3 Ne7 9. Bg5 f6 10. Bh4 Bb4 11. O-O Bxc3 12. bxc3 Qd6 13. Bg3 c5 14. Rab1 b5
15. Rfd1 {Remaining moves are unavailable.} 1/2-1/2

[Event "Mechanics' Spring TNM; G/2 d5"]
[Site "San Francisco"]
[Date "2018.04.03"]
[Round "3.30"]
[White "Cunningham, Charles"]
[Black "Gomboluudev, Enkhjin"]
[Result "0-1"]
[WhiteElo "1406"]
[BlackElo "1712"]
[PlyCount "64"]
[EventDate "2018.??.??"]
[Source "ChessBase"]
[SourceDate "2007.09.04"]

1. e4 e6 2. d4 d5 3. e5 c5 4. c3 Nc6 5. Bb5 Bd7 6. Nf3 Qb6 7. Bxc6 bxc6 8. O-O
cxd4 9. cxd4 c5 10. b3 Rc8 11. Ba3 Nh6 12. Nc3 Nf5 13. Ne2 Bb5 14. dxc5 Bxc5
15. Bxc5 Rxc5 16. g4 Ne7 17. Nfd4 Ng6 18. Nxb5 Rxb5 19. Rc1 O-O 20. Nd4 Rb4 21.
Nc6 Re4 22. Re1 Rf4 23. Re3 Rc8 24. Nxa7 Rxc1 25. Qxc1 Qxa7 26. h3 Qxa2 27. Qe1
Nh4 28. Qf1 h6 29. Rg3 Nf3+ 30. Kg2 Qxb3 31. Qc1 Nh4+ 32. Kh2 Rxf2+ 0-1

[Event "Mechanics' Winter TNM; G/2 d5"]
[Site "San Francisco"]
[Date "2018.02.20"]
[Round "7.30"]
[White "Cunningham, Charles"]
[Black "Malykin, Erika"]
[Result "0-1"]
[WhiteElo "1406"]
[BlackElo "1590"]
[PlyCount "36"]
[EventDate "2018.??.??"]
[Source "ChessBase"]
[SourceDate "2007.09.04"]

1. e4 e5 2. Nf3 d6 3. d4 Bg4 $2 4. dxe5 Bxf3 5. gxf3 $5 (5. Qxf3 dxe5 6. Bc4
Qf6 7. Qb3 $16) 5... dxe5 6. Qxd8+ Kxd8 7. a3 (7. f4 $1) 7... Nc6 8. Be3 Nge7
9. Nc3 Nd4 10. O-O-O c5 11. f4 $1 exf4 12. Bxd4 cxd4 13. Rxd4+ Kc7 14. h4 f5
15. Nd5+ Nxd5 16. exd5 g6 17. Rxf4 $4 Bh6 18. Kb1 Bxf4 {and later ...0-1.} 0-1

[Event "Mechanics' Shipman TNM; G/2 d/5"]
[Site "San Francisco"]
[Date "2018.09.04"]
[Round "5.27"]
[White "Cunningham, Charles"]
[Black "Matz, James I"]
[Result "0-1"]
[WhiteElo "1418"]
[BlackElo "1654"]
[PlyCount "28"]
[EventDate "2018.??.??"]
[Source "ChessBase"]
[SourceDate "2007.09.04"]

1. e4 c5 2. Bc4 Nc6 3. a3 g6 4. Nf3 Bg7 5. c3 Nf6 6. d3 O-O 7. O-O d6 8. h3 a6
9. Re1 b5 10. Ba2 Qc7 11. Bf4 Ne5 12. Bxe5 dxe5 13. c4 Bb7 14. Nc3 Rad8 {
0-1 in 27, remaining moves unavailable.} 0-1

[Event "Mechanics' Shipman TNM; G/2 d/5"]
[Site "San Francisco"]
[Date "2018.08.07"]
[Round "1.16"]
[White "Cunningham, Charles"]
[Black "McKellar, Daniel"]
[Result "0-1"]
[WhiteElo "1418"]
[BlackElo "1879"]
[PlyCount "79"]
[EventDate "2018.??.??"]
[Source "ChessBase"]
[SourceDate "2007.09.04"]

1. e4 c5 2. Bc4 e6 3. Nc3 Ne7 4. a3 d5 5. exd5 exd5 6. Ba2 Nbc6 7. d3 Be6 8.
Nf3 h6 9. h3 Nf5 10. O-O Be7 11. Re1 O-O 12. Ne2 Bf6 13. Nf4 Re8 $2 {Diagram}
14. Bxd5 $1 Qd6 15. Bxe6 fxe6 16. c3 Ne5 17. Nxe5 Bxe5 18. Qg4 Bxf4 19. Bxf4
Qf8 $2 (19... Qxd3 20. Rad1 {'+/-'}) 20. Be5 Rad8 21. d4 cxd4 22. cxd4 Rc8 23.
Rac1 Qf7 24. Qe4 Red8 25. Qf4 g5 26. Qd2 Qd7 27. Rxc8 Rxc8 28. Rc1 Kf7 29. Rxc8
Qxc8 30. Qd1 Ke7 31. g3 Qc4 32. b3 Qc3 33. a4 a6 34. Kf1 b6 35. Ke2 Qb2+ 36.
Kd3 $2 Qxf2 37. Qc1 Qf3+ 38. Kd2 Qe3+ 39. Kd1 Qxb3+ 40. Qc2 0-1

[Event "Mechanics' Spring TNM; G/2 d5"]
[Site "San Francisco"]
[Date "2018.03.20"]
[Round "1.18"]
[White "Cunningham, Charles"]
[Black "Steger, Eric"]
[Result "0-1"]
[WhiteElo "1406"]
[BlackElo "1933"]
[Annotator "Donaldson"]
[PlyCount "65"]
[EventDate "2018.??.??"]
[Source "ChessBase"]
[SourceDate "2007.09.04"]

1. e4 d6 2. Nc3 g6 3. d4 Nf6 4. h3 Bg7 5. Nf3 c6 6. Bg5 h6 7. Be3 Qa5 8. Bd3
Na6 9. a3 c5 10. O-O O-O 11. dxc5 dxc5 12. Bxa6 bxa6 13. Ne5 Bb7 14. f3 Qc7 15.
Ng4 Nxg4 16. hxg4 Rad8 17. Qc1 Kh7 18. Ne2 a5 19. Kf2 Rh8 20. Rh1 Kg8 21. Bxh6
Ba6 22. Bxg7 Kxg7 23. Rxh8 Rxh8 24. Nf4 Qe5 25. c3 Rb8 26. Qd2 Bc4 27. Rh1 e6 {
Diagram [#]} 28. b4 (28. b3 $1 Bxb3 (28... Rxb3 29. Nxg6 fxg6 30. Qd7+ Kf6 31.
Qd8+ Kg7 32. Qh8+) 29. Nd3 $18) (28. Nh5+ $1 gxh5 (28... Kg8 29. f4 Qh8 30. e5
gxh5 31. Rxh5) 29. Rxh5 Qf6 30. e5 $18) 28... axb4 29. axb4 (29. Nxg6 $1) 29...
cxb4 30. Qd4 $4 (30. Nxg6 $1 $18) (30. cxb4 $16) 30... Qxd4+ 31. cxd4 b3 32.
Rb1 b2 33. Ne2 0-1

[Event "Mechanics' Shipman TNM; G/2 d/5"]
[Site "San Francisco"]
[Date "2018.08.21"]
[Round "3.40"]
[White "Cunningham, Charles"]
[Black "Sullivan, George T"]
[Result "1-0"]
[WhiteElo "1418"]
[BlackElo "1016"]
[PlyCount "57"]
[EventDate "2018.??.??"]
[Source "ChessBase"]
[SourceDate "2007.09.04"]

1. e4 e5 2. Nf3 Nf6 3. Bc4 d6 4. Nc3 Bg4 5. h3 Bxf3 6. Qxf3 c6 7. O-O Nbd7 8.
a3 b5 9. Ba2 Be7 10. d3 O-O 11. Be3 a6 12. Ne2 d5 13. exd5 cxd5 14. Bxd5 Rc8
15. Bb3 Bd6 16. Ng3 Nc5 17. Bxc5 Rxc5 18. Ne4 Nxe4 19. dxe4 Qe7 20. c3 Qb7 21.
Bd5 Qe7 22. Rad1 Bb8 23. Rd3 Qh4 24. Rfd1 Rcc8 25. Bb7 Rcd8 26. Bxa6 Rxd3 27.
Rxd3 Qf4 28. Qxf4 exf4 29. Bxb5 {And White won.} 1-0

[Event "Mechanics' Summer TNM; G/2 d/5"]
[Site "San Francisco"]
[Date "2018.06.26"]
[Round "5.46"]
[White "Cunningham, Charles"]
[Black "Thibault, William"]
[Result "1-0"]
[WhiteElo "1403"]
[BlackElo "1405"]
[PlyCount "63"]
[EventDate "2018.??.??"]
[Source "ChessBase"]
[SourceDate "2007.09.04"]

1. e4 e5 2. Nf3 Nc6 3. Nc3 Nf6 4. d3 d5 5. exd5 Nxd5 6. Ne4 Be7 7. a3 Bg4 8. h3
Bxf3 9. Qxf3 Qd7 10. Bd2 O-O-O 11. Qxf7 Rhf8 12. Qxg7 Qf5 13. Qg4 Nd4 14. Qxf5+
Rxf5 15. O-O-O Ne6 16. g4 Rf7 17. Re1 Nd4 18. Bg2 Rdf8 19. Rhf1 Bh4 20. Ng3 Nf4
21. Bxf4 Rxf4 22. Ne4 Bxf2 23. Nxf2 Rxf2 24. Kd1 R8f4 25. Rxf2 Rxf2 26. Be4
Rxc2 27. Bxh7 Rxb2 28. Kc1 Rh2 29. Rxe5 Rxh3 30. Bf5+ Kd8 31. Rd5+ Ke7 32. Rxd4
1-0

[Event "Mechanics' Summer TNM; G/2 d/5"]
[Site "San Francisco"]
[Date "2018.05.29"]
[Round "1.23"]
[White "Cunningham, Charles"]
[Black "Yanofsky, Kevin"]
[Result "0-1"]
[WhiteElo "1403"]
[BlackElo "1859"]
[PlyCount "52"]
[EventDate "2018.??.??"]
[Source "ChessBase"]
[SourceDate "2007.09.04"]

1. e4 c5 2. Nc3 g6 3. Nf3 Bg7 4. Bc4 Nc6 5. Bxf7+ $2 Kxf7 6. O-O d6 7. Nd5 Nf6
8. d3 Rf8 9. c3 Kg8 10. h3 Nxd5 11. exd5 Ne5 12. Ng5 Bf5 13. Ne6 Bxe6 14. dxe6
Qb6 15. Bg5 Rae8 16. d4 cxd4 17. cxd4 Nc4 18. d5 Qxb2 19. Rb1 Qe5 20. Bh4 b6
21. Rc1 b5 22. Rc2 Rf5 23. g4 Rff8 24. Bg3 Qe4 25. Re1 Qf3 26. Qc1 Qxd5 0-1

[Event "Mechanics' Summer TNM; G/2 d/5"]
[Site "San Francisco"]
[Date "2018.06.26"]
[Round "5.39"]
[White "Da Costa, A Mendes"]
[Black "James, Charles"]
[Result "0-1"]
[WhiteElo "957"]
[BlackElo "1405"]
[PlyCount "56"]
[EventDate "2018.??.??"]
[Source "ChessBase"]
[SourceDate "2007.09.04"]

1. e4 c5 2. d4 cxd4 3. c3 dxc3 4. Nxc3 e6 5. Nf3 Bb4 6. Bd3 Nc6 7. O-O Bxc3 8.
bxc3 Qc7 9. Bb2 e5 10. Qb3 d6 11. Rad1 Be6 12. c4 Nf6 13. Rc1 h6 14. Qa4 O-O
15. Ba3 Rfd8 16. Rc2 Nd7 17. Bc1 Nc5 18. Qa3 Nxd3 19. Qxd3 Nb4 20. Qc3 Nxc2 21.
Qxc2 Qxc4 22. Qb2 Qxe4 23. a3 Rdc8 24. Nd2 Qc6 25. Nf3 Bd5 26. Nh4 Qd7 27. Qd2
Rc5 28. h3 Rac8 0-1

[Event "Mechanics' Shipman TNM; G/2 d/5"]
[Site "San Francisco"]
[Date "2018.08.07"]
[Round "1.32"]
[White "Da Costa, Alex Mendes"]
[Black "Lesquillier, Walter"]
[Result "0-1"]
[WhiteElo "957"]
[BlackElo "1671"]
[PlyCount "110"]
[EventDate "2018.??.??"]
[Source "ChessBase"]
[SourceDate "2007.09.04"]

1. e4 e5 2. Nf3 Nc6 3. Bc4 Bc5 4. b4 Bxb4 5. c3 Be7 6. d4 exd4 7. cxd4 Nf6 8.
Ng5 $2 (8. e5 $1) 8... d5 9. exd5 Nxd5 10. Nxf7 Bb4+ 11. Bd2 Qe7+ 12. Qe2 Qxe2+
13. Kxe2 Kxf7 14. Bxd5+ Kf6 15. Bxc6 Bxd2 16. Bxb7 Bxb7 17. Nxd2 Bxg2 18. Rhg1
Bd5 19. Nb3 Rab8 20. Nc5 Rb2+ 21. Kf1 Bc4+ 22. Kg2 Rd8 23. Rab1 Rxa2 24. Ne4+
Kf5 25. Nc3 Rc2 26. Nd1 Kf6 27. Ne3 Bd5+ 28. Nxd5+ Rxd5 29. Rbc1 Rxc1 30. Rxc1
Rxd4 31. Rxc7 a5 32. Kf3 a4 33. Ke3 Rh4 34. Ra7 h5 35. Kd3 Rh3+ 36. Ke2 g5 37.
Rxa4 Rxh2 38. Ra6+ Kf5 39. Ra5+ Kg4 40. Ra4+ Kh3 41. Ra5 Kh4 42. Ra4+ g4 43.
Ke3 Kh3 44. Ra5 Kg2 45. Ra4 Rh3+ 46. Ke2 Rf3 47. Ra5 Rxf2+ 48. Ke3 h4 49. Ra4
Rf3+ 50. Ke2 Kg3 51. Ra1 h3 52. Rg1+ Kh4 53. Rh1 Rf5 54. Rf1 Rxf1 55. Kxf1 Kg3
0-1

[Event "Mechanics' Shipman TNM; G/2 d/5"]
[Site "San Francisco"]
[Date "2018.08.21"]
[Round "3.38"]
[White "Da Costa, Alex Mendes"]
[Black "Yamamoto, Craig"]
[Result "0-1"]
[WhiteElo "957"]
[BlackElo "1500"]
[PlyCount "62"]
[EventDate "2018.??.??"]
[Source "ChessBase"]
[SourceDate "2007.09.04"]

1. e4 c5 2. Nf3 e6 3. d4 cxd4 4. Nxd4 Nf6 5. Nc3 d6 6. Bg5 a6 7. f4 Be7 8. a3
b5 9. Qf3 Bb7 10. f5 e5 11. Nb3 Nbd7 12. O-O-O Qc7 13. h4 Rc8 14. Bd3 Nb6 15.
Kb1 d5 16. Bxf6 gxf6 17. Nxd5 Nxd5 18. exd5 b4 19. Be4 bxa3 20. d6 Bxe4 21.
dxc7 Bxf3 22. gxf3 Rxc7 23. Ka2 Rxc2 24. Rd2 Rxb2+ 25. Rxb2 axb2 26. Kxb2 Rg8
27. Ra1 Rg2+ 28. Kc3 Rf2 29. Nd2 a5 30. Rxa5 Kf8 31. Kd3 Rxd2+ 0-1

[Event "Mechanics' Spring TNM; G/2 d5"]
[Site "San Francisco"]
[Date "2018.03.27"]
[Round "2.8"]
[White "Davies, Vinzent"]
[Black "Babayan, Gagik"]
[Result "1-0"]
[WhiteElo "2015"]
[BlackElo "1718"]
[PlyCount "79"]
[EventDate "2018.??.??"]
[Source "ChessBase"]
[SourceDate "2007.09.04"]

1. c4 Nf6 2. g3 g6 3. Bg2 Bg7 4. Nf3 O-O 5. O-O d6 6. Nc3 e5 7. d3 c6 8. b4 h6
9. Rb1 Be6 10. b5 Qc7 11. bxc6 bxc6 12. Ba3 Nbd7 13. Nd2 Rfb8 14. Qa4 Rxb1 15.
Rxb1 Rc8 16. Qa6 Nb8 17. Qb7 Qxb7 18. Rxb7 d5 19. Rxa7 Bf8 20. Bxf8 Kxf8 21.
Ra8 dxc4 22. Nxc4 Bxc4 23. dxc4 Nfd7 24. Na4 Ke7 25. Bh3 Rc7 26. Kf1 Rb7 27.
Ke1 f5 28. Kd2 c5 29. g4 f4 30. Bg2 Rc7 31. Be4 Kf6 32. Nc3 Kg5 33. f3 Rc8 34.
Nd5 Nf6 35. h4+ Kxh4 36. Nxf6 Rd8+ 37. Kc2 g5 38. a4 Rd6 39. Rxb8 Rxf6 40. a5
1-0

[Event "Mechanics' Winter TNM; G/2 d5"]
[Site "San Francisco"]
[Date "2018.02.13"]
[Round "6.12"]
[White "Davies, Vinzent"]
[Black "Bachseitz, Martin"]
[Result "1-0"]
[WhiteElo "2015"]
[BlackElo "1789"]
[PlyCount "37"]
[EventDate "2018.??.??"]
[Source "ChessBase"]
[SourceDate "2007.09.04"]

1. Nf3 d5 2. c4 d4 3. g3 Nf6 4. Bg2 c6 5. b4 e6 6. Qb3 Qe7 7. a3 e5 8. O-O Qc7
9. e3 dxe3 10. Qxe3 Ng4 11. Qe2 f6 12. d4 Nd7 13. h3 Nh6 14. Bxh6 gxh6 15. Nh4
Nb6 16. f4 Be6 17. c5 Nd7 18. fxe5 fxe5 19. Qh5+ 1-0

[Event "Mechanics' Spring TNM; G/2 d5"]
[Site "San Francisco"]
[Date "2018.05.01"]
[Round "7.9"]
[White "Davies, Vinzent"]
[Black "Pane, Gianluca"]
[Result "1/2-1/2"]
[WhiteElo "2015"]
[BlackElo "1811"]
[PlyCount "61"]
[EventDate "2018.??.??"]
[Source "ChessBase"]
[SourceDate "2007.09.04"]

1. g3 d5 2. Bg2 Nf6 3. c4 e6 4. Nf3 Nbd7 5. b3 Bd6 6. Bb2 O-O 7. O-O c6 8. d4
Re8 9. Ne5 Qc7 10. f4 Ne4 11. Nd2 Nxd2 12. Qxd2 f6 13. Nd3 b6 14. Rac1 Qd8 15.
e4 dxe4 16. Bxe4 Bb7 17. a4 e5 18. fxe5 fxe5 19. c5 bxc5 20. dxe5 Nxe5 21. Qf4
Rf8 22. Qe3 Nxd3 23. Qxd3 h6 24. Qc4+ Kh8 25. Rf7 Rxf7 26. Qxf7 Qg5 27. Rf1
Qe3+ 28. Rf2 Qe1+ 29. Rf1 Qe3+ 30. Rf2 Qe1+ 31. Rf1 1/2-1/2

[Event "Mechanics' Spring TNM; G/2 d5"]
[Site "San Francisco"]
[Date "2018.04.24"]
[Round "6.2"]
[White "Davies, Vinzent"]
[Black "Winslow, Elliott"]
[Result "*"]
[WhiteElo "2015"]
[BlackElo "2323"]
[Annotator "Winslow"]
[PlyCount "84"]
[EventDate "2018.??.??"]
[Source "ChessBase"]
[SourceDate "2007.09.04"]

1. c4 e5 2. Nc3 Nf6 3. Nf3 d6 4. d3 g6 5. g3 Bg7 6. Bg2 O-O 7. O-O Nc6 (7... c6
) (7... Nbd7) (7... h6) (7... Re8) (7... Nh5) (7... a5) 8. a3 (8. Rb1) (8. Bg5)
(8. Bd2) (8. e4) (8. h3) 8... Nh5 (8... a5) (8... h6) (8... Bg4) (8... Be6) (
8... Nd4) (8... Re8) 9. Qc2 (9. Rb1) (9. e4) 9... Bg4 $146 (9... h6 10. e3 (10.
b4 Ne7 11. Bb2 f5 12. Nd2 Rb8 13. f4 Be6 14. Nd5 c6 15. Nxe7+ Qxe7 16. Bf3 Bf6
17. fxe5 dxe5 18. Bxh5 gxh5 19. Nf3 Qg7 20. Kh1 Rbe8 21. e4 fxe4 22. dxe4 Bh3
23. Rf2 Kh7 24. Re1 Qg4 25. Qe2 h4 26. Nxh4 Bxh4 27. Qxg4 Bxg4 28. Rxf8 Rxf8
29. gxh4 Rf4 30. Bxe5 Rxe4 31. Rxe4 Bf3+ 32. Kg1 Bxe4 33. Bb8 a6 34. c5 Kg6 35.
Kf2 h5 36. Ke3 Kf5 37. Bg3 Bd5 38. Kd4 Bf3 {
1/2-1/2 (38) Maevsky,N-Kosarev,D (2180) St Petersburg 2003}) 10... f5 11. h3 g5
12. Kh2 Ne7 13. Qe2 Nf6 14. d4 e4 15. Ng1 c6 16. Bd2 b6 17. b4 d5 18. f3 a5 19.
Rfc1 Ba6 20. b5 cxb5 21. cxb5 Bb7 22. f4 Qd6 23. Qd1 Rfc8 24. Qb3 Kh8 25. Na4
Nd7 26. Ne2 Bf8 27. Rxc8 Rxc8 28. Nac3 Kg7 29. a4 Ng6 30. Bf1 Be7 31. Rb1 Qe6
32. Bc1 Kh8 33. Ba3 Bxa3 34. Qxa3 gxf4 35. Nxf4 Nxf4 36. exf4 Nf6 37. Rc1 Ng8
38. Ne2 Qe7 39. Qxe7 Nxe7 40. Rxc8+ Bxc8 41. Kg1 Be6 42. Nc3 Kg7 43. Be2 Kg6
44. Kf2 Nc8 45. Bd1 Ne7 46. Bb3 Kf6 47. Nd1 h5 48. Ne3 Kf7 49. Bd1 Kg6 50. Be2
Ng8 51. Nd1 Nf6 52. Nc3 Ng8 53. Bd1 Nf6 {
1/2-1/2 (53) Walter,E (1858)-Tenhuendfeld,B (1755) Muensterland 2004}) (9... f5
10. Ng5 (10. b4 Ne7 11. Bb2 f4 12. Ne4 h6 13. d4 exd4 14. Bxd4 Bxd4 15. Nxd4
Nf5 16. Qc3 Nxd4 17. Qxd4 Qe7 18. Nc3 fxg3 19. hxg3 Nf6 20. Qh4 Qg7 21. Nd5 Kh7
22. Bf3 c6 23. Nxf6+ Qxf6 24. Qxf6 Rxf6 25. Rfd1 Bd7 26. Rd2 Rd8 27. Rad1 Be8
28. Kg2 Kg7 29. Rd4 h5 30. Re4 Kf8 31. Rd3 g5 32. Red4 Bg6 33. Rd2 g4 34. Be4
Bxe4+ 35. Rxe4 Rf5 36. Re6 d5 37. Re4 Re8 38. Rxe8+ Kxe8 39. cxd5 Rxd5 40. Rxd5
cxd5 41. f3 Ke7 42. Kf2 Ke6 43. Ke3 Kf5 44. Kd4 Ke6 45. fxg4 hxg4 46. a4 b6 47.
e4 dxe4 48. Kxe4 a5 49. bxa5 bxa5 50. Kf4 Kd5 51. Kxg4 Kc4 52. Kf4 Kb4 53. g4
Kxa4 54. g5 Kb3 55. g6 a4 56. g7 a3 57. g8=Q+ Kb2 58. Qg7+ Kb3 59. Qa1 a2 60.
Ke3 {1-0 (60) Serpa,P-Scheleder,A Merida 1997}) 10... Nd4 11. Qd1 c6 12. e3
Qxg5 13. exd4 Qd8 14. d5 c5 15. Rb1 b6 16. Bd2 f4 17. b4 Bf5 18. g4 Bxd3 19.
gxh5 Qh4 20. f3 Bxb1 21. Qxb1 e4 22. Nxe4 Bd4+ 23. Kh1 Rae8 24. Qd3 Rf5 25. Be1
Qxh5 26. Nxd6 Re3 27. Qc2 Rfe5 28. Qd1 Re2 29. Ne4 R2xe4 30. Bf2 Re2 31. Bxd4
cxd4 32. d6 Qg5 33. Rg1 Qf6 34. Qxd4 Rxg2 {
0-1 (34) Barona,A-Ossa, O (2292) Yumbo 2009}) 10. e3 Qd7 11. Nd5 Rac8 12. Re1
Bh3 13. Bh1 h6 14. Ra2 $5 f5 15. b4 g5 16. b5 Nd8 17. Qa4 c6 18. Nb4 f4 19.
exf4 Nxf4 20. Qxa7 cxb5 21. Bxf4 gxf4 (21... exf4 22. Nd4 $1 bxc4 23. Bd5+ Kh8
24. dxc4 Nf7 (24... h5)) 22. Nd2 (22. Nh4) 22... Be6 (22... bxc4 23. Nxc4 Rc5
$1 {(didn't see)}) 23. Rc2 (23. Be4 $5) 23... Nc6 $6 (23... h5 $5) (23... bxc4
$15 24. dxc4 (24. Nxc4 Rc5) 24... Kh8) 24. Nxc6 Rxc6 $4 {
Well, the computer hates it...} (24... bxc6 25. Qxd7 Bxd7 26. Ne4 $14) 25. Rb2
$2 (25. Bxc6 Qxc6 26. Rb2 Bh3 27. Ne4 d5 28. cxd5 Qxd5 29. Qc5 $18) 25... Ra6
26. Qxb7 Qxb7 27. Bxb7 Rxa3 28. Rxb5 (28. cxb5 e4) (28. Be4 bxc4 29. Nxc4 Ra6)
28... Rxd3 (28... fxg3 29. hxg3 Rxd3 30. Re2 Bf6) 29. Bd5 Rxd2 $6 (29... Bxd5
30. Rxd5 Rxd5 31. cxd5 Rb8 32. Rb1 Ra8 (32... Rxb1+ 33. Nxb1 Kf7 $16) 33. Rb6
Ra4 34. Rxd6 Rd4 $11) 30. Bxe6+ Kh8 31. Rd5 Rc2 32. g4 (32. Rxd6 fxg3 33. fxg3
Rb8 34. Rf1 $16) 32... Rxc4 (32... e4 33. Rxe4 Rc1+ 34. Kg2 f3+ 35. Kh3 Be5 36.
c5 Rh1 37. Rdxe5 dxe5 38. c6 Rd1 39. Bd7 $16) 33. Rxd6 Rb4 34. Bf5 Bf6 35. Rc1
e4 36. Kg2 f3+ 37. Kh3 Bg5 $4 (37... h5) 38. Rc7 e3 $18 (38... Re8 39. Rdd7 e3
40. fxe3) 39. fxe3 $2 (39. Rdd7 Re8 40. fxe3 Rbb8 41. Bd3 $16) 39... f2 40. Kg2
$4 (40. Rd1 Bxe3 41. Re7 Bg5 42. Red7 $11) 40... Bxe3 $4 (40... Rxg4+ $1 41.
Kxf2 (41. Kf1 Rxf5 {#11}) 41... Rxf5+ 42. Ke2 Rg2+ 43. Kd3 Re5) 41. Rdd7 $4 (
41. Rd1 $11) 41... Rxg4+ 42. Bxg4 f1=Q+ *

[Event "Mechanics' Spring TNM; G/2 d5"]
[Site "San Francisco"]
[Date "2018.04.10"]
[Round "4.7"]
[White "Davies, Vinzent"]
[Black "Yanofsky, Kevin"]
[Result "1-0"]
[WhiteElo "2015"]
[BlackElo "1840"]
[Annotator "Donaldson"]
[PlyCount "81"]
[EventDate "2018.??.??"]
[Source "ChessBase"]
[SourceDate "2007.09.04"]

1. g3 c5 2. Bg2 g6 3. Nf3 Bg7 4. c3 Nc6 5. d4 cxd4 6. cxd4 d5 7. O-O Nf6 8. Nc3
O-O (8... Ne4) 9. Ne5 Nxe5 10. dxe5 Ng4 11. Qxd5 Nxe5 12. Bf4 (12. Bg5 $1)
12... Nc6 13. Qc5 Be6 14. Rfd1 Qb6 15. Qxb6 axb6 16. Rd2 Bxc3 17. bxc3 Ra3 18.
Rb2 Rfa8 19. Rxb6 Rxa2 20. Rxa2 Rxa2 21. h4 Ra8 $2 (21... Rxe2 $11) (21... Na5
$11) 22. Rxb7 Rc8 23. Bxc6 (23. Bh6 $1 f5 24. Bxc6 Rxc6 25. Rxe7 {
is also very good.}) 23... Rxc6 24. Rxe7 Kf8 25. Rc7 Rxc7 26. Bxc7 Ke7 27. f3
h5 28. Kf2 Kd7 29. Bb8 Kc6 30. Ke3 Kd5 31. Kd3 Bh3 32. c4+ Kc5 33. Ba7+ Kc6 34.
c5 Kd5 35. e4+ Kc6 36. Ke3 f6 37. Kf4 Be6 38. g4 Bd7 (38... hxg4 39. fxg4 {
and White having created a second passed pawn - both widely separated - wins.})
39. gxh5 gxh5 40. e5 fxe5+ 41. Kxe5 1-0

[Event "Mechanics' Winter TNM; G/2 d5"]
[Site "San Francisco"]
[Date "2018.01.16"]
[Round "2.13"]
[White "Davies, Vinzent J"]
[Black "Chan, John"]
[Result "1-0"]
[WhiteElo "2015"]
[BlackElo "1655"]
[Annotator "Donaldson"]
[PlyCount "117"]
[EventDate "2018.??.??"]
[Source "ChessBase"]
[SourceDate "2007.09.04"]

1. Nf3 d5 2. c4 d4 3. c5 c6 (3... e5 $5) 4. Qa4 e6 (4... e5 $5) 5. Nxd4 Bxc5 6.
Nf3 Nf6 7. d4 b5 8. Qd1 Be7 9. g3 Bb7 10. Bg2 Nbd7 11. O-O O-O 12. Nc3 Rc8 13.
a3 a6 14. b4 Nd5 15. Qb3 Kh8 16. Bb2 N7f6 17. Ne5 Nxc3 18. Bxc3 Ba8 19. Rac1
Bd6 20. Nd3 Qe7 21. e4 Bc7 22. Nc5 Ne8 23. Nxa6 Bb6 24. Nc5 Bxc5 25. dxc5 Rd8
26. Rfd1 Nf6 27. Be5 Rxd1+ 28. Rxd1 Rd8 29. Bd6 Qe8 30. h3 h6 31. Qb2 e5 32.
Rf1 (32. Ra1 {
followed by a4 is the right plan with an easy win. Now Black gets chances.})
32... Nd7 33. f4 f6 34. f5 Nb6 35. Qb3 Nc4 36. Rd1 Qh5 37. Kf2 Qe8 $2 ({
Wasting time.} 37... Bb7 {
preparing to bring the bishop back into the game via c8 and d7 was better.})
38. Bf1 Qh5 39. h4 Qg4 40. Bxc4 bxc4 41. Qf3 Qxf3+ 42. Kxf3 Bb7 43. Ke3 Ba6 44.
a4 $1 Kg8 45. Rb1 Ra8 46. Kd2 Bc8 47. Ra1 (47. b5 $1 Rxa4 48. bxc6) 47... Kf7
48. Kc3 Ba6 49. Rb1 h5 50. b5 cxb5 51. axb5 Bc8 52. Kxc4 g6 53. fxg6+ Kxg6 54.
c6 Ra4+ 55. Bb4 Ra2 56. b6 Ba6+ 57. Kb3 Rg2 58. b7 Rxg3+ 59. Bc3 1-0

[Event "Mechanics' Winter TNM; G/2 d5"]
[Site "San Francisco"]
[Date "2018.02.06"]
[Round "5.13"]
[White "Davies, Vinzent J"]
[Black "Singh, Amitoj"]
[Result "1/2-1/2"]
[WhiteElo "2015"]
[BlackElo "1710"]
[PlyCount "56"]
[EventDate "2018.??.??"]
[Source "ChessBase"]
[SourceDate "2007.09.04"]

1. Nf3 d5 2. c4 c6 3. cxd5 cxd5 4. d4 Nf6 5. Nc3 Nc6 6. Bf4 Bg4 7. Qb3 Na5 8.
Qb5+ Bd7 9. Qd3 Qb6 10. b3 e6 11. g3 Bb4 12. Bd2 Rc8 13. Bg2 Ne4 14. Nxe4 dxe4
15. Qxe4 Bxd2+ 16. Nxd2 Bc6 17. d5 $1 Bxd5 18. Qa4+ Bc6 19. Bxc6+ Qxc6 20.
Qxc6+ Rxc6 $11 21. b4 Nc4 22. b5 Rc8 23. Rc1 Nd6 24. Rxc8+ Nxc8 25. Nc4 Ke7 26.
Kd2 Rd8+ 27. Kc3 Nd6 28. Nxd6 Rxd6 1/2-1/2

[Event "Mechanics' Winter TNM; G/2 d5"]
[Site "San Francisco"]
[Date "2018.02.27"]
[Round "8.6"]
[White "Davies, Vinzent J"]
[Black "Traub, Igor"]
[Result "0-1"]
[WhiteElo "2015"]
[BlackElo "2166"]
[PlyCount "67"]
[EventDate "2018.??.??"]
[Source "ChessBase"]
[SourceDate "2007.09.04"]

1. c4 Nf6 2. Nf3 d6 3. g3 e5 4. d3 g6 5. Bg2 Bg7 6. Nc3 O-O 7. O-O c6 8. Rb1 a5
9. c5 Re8 10. cxd6 Qxd6 11. d4 exd4 12. Bf4 Qb4 13. a3 Qe7 14. Qxd4 Nh5 15. Qd2
Nxf4 16. Qxf4 Nd7 17. h4 Nc5 18. h5 gxh5 19. Nd4 Qf6 20. Rbd1 Qxf4 21. gxf4 Rd8
22. Nxc6 Rxd1 23. Rxd1 Bxc3 24. Ne7+ Kf8 25. Nxc8 Bxb2 26. Nb6 Re8 27. a4 Rxe2
28. Nd7+ Nxd7 29. Rxd7 Re1+ 30. Kh2 b6 31. Bd5 Re7 32. Rxe7 Kxe7 33. Kg3 Bf6
34. Bc6 {Black later won. Remaining moves unavailable.} 0-1

[Event "Mechanics' Summer TNM; G/2 d5"]
[Site "San Francisco"]
[Date "2018.07.10"]
[Round "7.7"]
[White "Davila, Carlos"]
[Black "Harris, John"]
[Result "0-1"]
[WhiteElo "2128"]
[BlackElo "1746"]
[Annotator "Winslow,E"]
[PlyCount "76"]
[EventDate "2018.??.??"]
[Source "ChessBase"]
[SourceDate "2007.09.04"]

1. e4 d5 2. exd5 Qxd5 3. Nc3 Qd8 4. d4 Nf6 5. Bc4 c6 6. Bg5 Bg4 7. f3 Bh5 8.
Qd2 e6 9. O-O-O Be7 10. h4 h6 11. Be3 Bg6 12. g4 h5 13. Nge2 Nd5 14. Nf4 Nxf4
15. Bxf4 Nd7 16. d5 $6 Nb6 (16... exd5 17. Bxd5 Nb6 $11 (17... Nf6 $5)) 17. Bb3
$2 cxd5 18. gxh5 Rxh5 19. Qg2 Bd6 20. Bg5 Qd7 21. Rhe1 Kf8 22. a4 Rc8 $19 (
22... Bb4 $19) (22... Nc4 $4 23. Bxc4 dxc4 24. Nb5 $18) 23. a5 Nc4 24. Qg4 Qc7
25. Bxc4 Qxc4 26. Rd4 Qc5 27. Be3 Qxa5 28. Ra4 Qd8 29. Bg5 Qb6 30. Be3 Bc5 31.
Bg5 Qc6 32. Rf4 Bd6 33. Be7+ Kg8 34. Rxf7 Bxf7 35. Rg1 Be5 36. Qb4 Bxc3 37.
bxc3 Qxc3 38. Qxc3 Rxc3 0-1

[Event "Mechanics' Summer TNM; G/2 d/5"]
[Site "San Francisco"]
[Date "2018.05.29"]
[Round "1.7"]
[White "Davila, Carlos"]
[Black "Lucas Sr, Jermorio"]
[Result "1-0"]
[WhiteElo "2128"]
[BlackElo "1239"]
[PlyCount "57"]
[EventDate "2018.??.??"]
[Source "ChessBase"]
[SourceDate "2007.09.04"]

1. e4 c6 2. d4 e6 3. Nf3 Bb4+ 4. c3 Ba5 5. Bd3 d6 6. O-O Ne7 7. Nbd2 Nd7 8. Re1
Bc7 9. Ng5 Ng6 10. Ndf3 Nf6 11. e5 Nd5 12. h4 Qd7 13. g3 h6 {Diagram [#]} 14.
Nxe6 fxe6 15. Bxg6+ Kd8 16. exd6 Bxd6 17. Ne5 Bxe5 18. dxe5 Ne7 19. Qg4 Kc7 20.
Rd1 Nd5 21. c4 Qe7 22. cxd5 exd5 23. e6 Bxe6 24. Bf5 Kd7 25. Bf4 Bxf5 26. Qxf5+
Kd8 27. Re1 Rf8 28. Rxe7 Rxf5 29. Rxg7 1-0